000 01343nam a2200337 a 4500
001 000013886
003 DO-SdBNP
005 20160519150928.0
007 000013886
008 091120s2014 dr a 000 0 spa d
020 _a994549550X
040 _aBPMSU
_bspa
_cBPMSU
092 _axxxx
_bxxxxx
100 1 _aCuello del Orbe, Elisa Ysabel
245 1 0 _aCapullito 1 :
_bnivel inicial /
_cElisa Ysabel Cuello del Orbe ; revisado y actualizado Adalgisa Veles ; ilustraciones Henry Cid.
250 _a 6a. ed. rev. y act.
260 _aSanto Domingo :
_bActualidad escolar 2000,
_c2014.
300 _a304 p. :
_bil. ;
_c22 cm.
490 1 _aAraya
500 _aIncluye el libro del maestro
500 _aEste libro ha sido realizado de acuerdo al curriculum vigente y ha sido sometido a la evaluación y aprobación de la MINERD,(Ministerio de Educación República Dominicana )
505 0 _tVamos a la escuela --
_tPinocho --
_tSoy dominicano --
_tLa ensalada de la abuela --
_tLa abeja Lotty --
_tViaje al universo --
700 1 _aVeles, Adalgisa
700 1 2 _aCid, Henry,
_eil.
830 0 _aAraya
930 1 _lBND01
_mLF1
_820091204
_f04
_pCT
_g8019
930 1 _lBND01
_mLF1
_820091120
_f01
_pCT
_g8019
942 _2ddc
_cBK
956 _aVMATEO
_b10
_c20150520
_lBMET02
_h00151
956 _aLOPEREZ
_b10
_c20160429
_lBPMSU
_h00041
999 _c9930
_d9930